00526nam a2200193 a 4500001001300000003000900013005001700022008004100039020002300080082001900103100001500122245004500137260004200182300000900224500003500233505001200268650003700280700001500317nice12345678IN_TiNIC20260116012725.0050524s1989 dela grp 000 0 eng  a8170240 c15000a330.10297bSHA aShaghil, M aIslamic Economics (a Global Perspective) aDelhibAshish Publishing House c1989 a175p aincludes index and biblioraphy2 aIndexes aEconomics-Religious Aspect-Islam1 aShaghil, M